| 000 | 00475nam a2200169Ia 4500 | ||
|---|---|---|---|
| 008 | 220216s9999 xx 000 0 und d | ||
| 100 | _aAnand K | ||
| 245 | 0 | _aPreparation of ultra-fine dispersion of zinc oxide by simple ball-milling: Optimization of process parameters | |
| 260 |
_bPowder Technology _c2015 |
||
| 300 | _a187-192 | ||
| 650 | _aBall-milling | ||
| 650 | _aZic oxide | ||
| 700 | _aKurian T | ||
| 700 | _aVarghese S | ||
| 856 | _uNo article | ||
| 942 | _cJS | ||
| 999 |
_c65621 _d65621 |
||